000 00726nam a2200289Ia 4500
005 20260324111655.0
008 008 260324s9999 xx 000 0 eng d
020 _a9781003517368
037 _aEBOOK
040 _aCRL
040 _beng
040 _cCRL
041 _2eng
041 _aeng
084 _qCRL
100 _aIgazeuma Adikema Okoroba; Enoch Opare Mintah; Robert Ebo Hinson
_91139542
245 0 _aSustainability Management and Strategy
245 3 _bAn African Casebook
260 _bTaylor and Francis
260 _c2025
365 _a
365 _b205
856 _uhttp://www.taylorfrancis.com/books/9781003517368
942 _cEBOOK
999 _c1728443
_d1728443